HARRISON'S PRINCIPLES OF INTERNAL MEDICINE VOL-2 (Record no. 58173)
[ view plain ]
| 000 -LEADER | |
|---|---|
| fixed length control field | 00433nam a22001817a 4500 |
| 008 - FIXED-LENGTH DATA ELEMENTS--GENERAL INFORMATION | |
| fixed length control field | 240210b |||||||| |||| 00| 0 eng d |
| 020 ## - ISBN | |
| International Standard Book Number | 9781264285822 |
| 040 ## - CATALOGING SOURCE | |
| Original cataloging agency | IIMT Ayurveda Medical College and Hospital(0669) |
| 082 ## - DDC NUMBER | |
| Classification number | 615.3 LOS |
| 100 ## - MAIN ENTRY--PERSONAL NAME | |
| Personal name | LOSCALZO |
| 110 ## - MAIN ENTRY--CORPORATE NAME | |
| Department | AYURVEDA |
| 245 ## - TITLE STATEMENT | |
| Title | HARRISON'S PRINCIPLES OF INTERNAL MEDICINE VOL-2 |
| 250 ## - EDITION STATEMENT | |
| Edition statement | 21 ST |
| 260 ## - PUBLICATION, DISTRIBUTION, ETC. (IMPRINT) | |
| Place of publication, distribution, etc | NEW DELHI |
| Name of publisher, distributor, etc | MC GRAW HILL |
| Date of publication, distribution, etc | 2022 |
| 300 ## - PHYSICAL DESCRIPTION | |
| Pages | 3855 |
| 650 ## - Subject | |
| Subject | PANCHKARMA |
| 942 ## - ADDED ENTRY ELEMENTS (KOHA) | |
| Koha item type | Text-Book- for 7 days |
| 952 ## - LOCATION AND ITEM INFORMATION (KOHA) | |
| -- | 2024-02-10 |
| 952 ## - LOCATION AND ITEM INFORMATION (KOHA) | |
| -- | 2024-02-10 |
| Withdrawn status | Lost status | Source of classification or shelving scheme | Damaged status | Not for loan | Location (home branch) | Sublocation or collection (holding branch) | Date acquired | Source of Acquisition | Koha issues (times borrowed) | Koha full call number | Accession No. | Koha date last seen | Koha item type |
|---|---|---|---|---|---|---|---|---|---|---|---|---|---|
| IIMT Ayurveda Medical College and Hospital(0669) | IIMT Ayurveda Medical College and Hospital(0669) | 01/27/2024 | ARISTA | 615.3 LOS | 30-B-6202 | 02/10/2024 | Text-Book- for 7 days | ||||||
| IIMT Ayurveda Medical College and Hospital(0669) | IIMT Ayurveda Medical College and Hospital(0669) | 01/27/2024 | ARISTA | 615.3 LOS | 30-B-6203 | 02/10/2024 | Text-Book- for 7 days |

